000 00615nam a2200157 a 4500
001 000032378
005 20200930065618.0
008 110714s1911 dr 000 0 spa d
040 _aDO-SdBNP
_bspa
_cBNPHU
082 _axxxx
_bM533c
110 1 _aRepública Dominicana
_bHacienda y Comercio
_958360
245 0 0 _aMemoria con sus correspondientes anexos que al ciudadano presidente de la República presenta al ciudadano Secretario de Estado en los despachos de Hacienda y Comercio.
260 _aSanto Domingo :
_bImprenta "Cuna de América" viuda de Roques,
_c1911.
300 _a1019 p. ;
_c30 cm.
049 _aBNPD
999 _c31869
_d31869